000 00552nam a2200193 a 4500
005 20210219153056.0
008 991125n 000 0 u
035 _aUPN01000076483
100 _aVILLALPANDO NAVA, José Manuel
222 _aREVISTA DE LA ESCUELA NORMAL SUPERIOR
245 _aEnsayo de clasificación de las disciplinas pedagógicas
300 _a51-63
362 _a1970 3a época, no. 13, ago.-dic.
653 0 _aCULTURA
653 0 _aDIDACTICA
653 0 _aFILOSOFIA EDUCATIVA
904 _aAC
_b014294
905 _aArticulo
999 _c67809
_d67809